Les 5 Capitales les plus proches de Lisbonne, Madrid, Andorre-la-Vieille, Paris et Monaco - Statistiques

Statistiques générales
  • Ce quiz a été pris 259 fois
  • Le résultat moyen est 14 sur 15
Statistiques - réponses
Réponse % Correct
Paris
99%
Madrid
98%
Rome
98%
Berne
94%
Bruxelles
94%
Londres
94%
Lisbonne
92%
Luxembourg
92%
Andorre-la-Vieille
91%
Monaco
91%
Rabat
91%
Alger
90%
Amsterdam
90%
Saint-Marin
74%
Vaduz
67%
Aucun quiz correspondant
Distribution des résultats
% des personnes avec chaque résultat
Percentile par nombre de réponses
Votre historique - résultats
Vous n’avez pas pris ce quiz